[Event "IND-chB 48th"]
[Site "Bhiwani"]
[Date "2010.09.17"]
[Round "2"]
[White "Dutta, Umashankar"]
[Black "Murali Krishnan, BT."]
[Result "0-1"]
[WhiteElo "2152"]
[BlackElo "2391"]
[PlyCount "80"]
[EventDate "2010.09.16"]
[EventType "swiss"]
[EventRounds "13"]
[EventCountry "IND"]
[SourceTitle "CBM 138 Extra"]
[Source "ChessBase"]
[SourceDate "2010.10.29"]
[SourceVersion "1"]
[SourceVersionDate "2010.10.29"]
[SourceQuality "1"]

1. e4 d5 2. exd5 Qxd5 3. Nc3 Qa5 4. d4 c6 5. Bc4 Bf5 6. Qf3 e6 7. Bb3 Nf6 8. Bd2 Nbd7 9. Nge2 Qc7 10. h3 Bd6 11. g4 Bg6 12. Nf4 Nb6 13. h4 Nbd5 14. Nxg6 hxg6 15. Ne2 Nb6 16. h5 gxh5 17. gxh5 0-0-0 18. h6 Ne8 19. a4 gxh6 20. c4 c5 21. a5 Nd7 22. Qxf7 Nef6 23. 0-0-0 Ne4 24. Be3 Rhf8 25. Qg6 Nxf2 26. Bxf2 Rxf2 27. Qxe6 Rf6 28. Qg4 Qxa5 29. Kb1 Qb4 30. Rh3 Kb8 31. Ba2 Qb6 32. dxc5 Nxc5 33. Nc3 Be5 34. Rxd8+ Qxd8 35. Nd5 Rf1+ 36. Kc2 Rf2+ 37. Kc1 a6 38. Qg1 Qf8 39. Rh1 Bxb2+ 40. Kd1 Qf3+ 0-1